000 00929nam a22002177a 4500
999 _c4597
_d4597
003 AR-CdUCM
008 190311b ||||| |||| 00| 0 spa d
040 _aMUNICIPALIDAD PROVINCIAL DEL CUSCO
_cBIBLIOTECA MUNICIPAL DEL CUSCO
082 _a869.1 /
_bSA194
100 _aSánchez Vinces, J. V.
_914352
245 _aMedardo Angel Silva juzgado por sus contemporáneos /
260 _aGuayaquil :
_bEditorial casa de la cultura ecuatoriana, núcleo de Guayas,
_c1966.
300 _a132 páginas :
_c17 cm.
500 _aDonación de Luis Nieto
505 _aContenido: Un niño poeta, por prospero salcedo Mc Dowal -- Medardo Angel Silva, por G. Latorre -- "El árbol del bien y del mal", por Anibal Sánchez -- "María Jesús", juicio critico de J. A. Falconi Villagómez...
650 _aLiteratura Ecuatoriana
_911889
650 _aEcuador
_910121
650 _aNiño poeta
_914353
942 _2ddc
_cLIBROS
945 _adavv